| 000 | 00447nam a2200133Ia 4500 | ||
|---|---|---|---|
| 005 | 20210429153909.0 | ||
| 008 | 210429s9999 xx 000 0 und d | ||
| 082 | _a620.110 K451E | ||
| 100 |
_aHashma Khalid, Manahil Ali, Madiha NOreen _955054 |
||
| 245 | _aEngineering of polymer Membranes Incorporated with high performance Antifouling Functional groups with CD (UG-MAT-2016) | ||
| 260 |
_aSCME _c2016 |
||
| 300 | _a52p.29cm. | ||
| 942 |
_2ddc _cTH |
||
| 999 |
_c561073 _d561073 |
||